000 00322 a2200157 4500
001 70860
020 _a852625235
040 _cAnchieta - Itaigara
100 _aNicola, José de
240 1 0 _aMinigramática
_lpor
245 1 0 _aMinigramática
300 _a496
362 0 _a2002
650 4 _aPortuguês
942 _cBK
999 _c70860
_d70860